ბათუმის შოთა რუსთაველის სახელმწიფო უნივერსიტეტის ბიბლიოთეკა

Страхование.Практикум.учебное пособие для студ.по спец.,,Финансы и кредиты". ,,Бухалтерский учет анализ и Аудит", (ბიბ.ჩანაწერი № 35160)

000 -LEADER
fixed length control field 00799nam a2200229Ia 4500
001 - CONTROL NUMBER
control field 1003
003 - CONTROL NUMBER IDENTIFIER
control field GE_BSU
008 - FIXED-LENGTH DATA ELEMENTS--GENERAL INFORMATION
fixed length control field 181216s||||||||xx |||||||||||||| ||und||
020 ## - INTERNATIONAL STANDARD BOOK NUMBER
International Standard Book Number 9785238014074
040 ## - CATALOGING SOURCE
Transcribing agency GE_BSU
080 ## - UNIVERSAL DECIMAL CLASSIFICATION NUMBER
Universal Decimal Classification number 368(076)
100 ## - MAIN ENTRY--PERSONAL NAME
Personal name Никулина,Н.Н; Березина,С.В;
245 ## - TITLE STATEMENT
Title Страхование.Практикум.учебное пособие для студ.по спец.,,Финансы и кредиты". ,,Бухалтерский учет анализ и Аудит",
245 ## - TITLE STATEMENT
Remainder of title ,,Коммерция, Налоги",,Антикризисное управление,
260 ## - PUBLICATION, DISTRIBUTION, ETC.
Place of publication, distribution, etc. Москва
260 ## - PUBLICATION, DISTRIBUTION, ETC.
Name of publisher, distributor, etc. ЮНИТИ-ДАНА
260 ## - PUBLICATION, DISTRIBUTION, ETC.
Date of publication, distribution, etc. 2008
300 ## - PHYSICAL DESCRIPTION
Extent 271 с.
653 ## - INDEX TERM--UNCONTROLLED
Uncontrolled term Страхование.
942 ## - ADDED ENTRY ELEMENTS (KOHA)
Koha item type წიგნი
ეგზემპლარები
Withdrawn status Lost status Damaged status Not for loan Date acquired Barcode Date last seen Price effective from Koha item type
        2018-12-17 1099 2018-12-17 2018-12-17 წიგნი